000 00557nam a2200181Ia 4500
003 GCL
008 140319s9999 xx 000 0 eng d
040 _aGCL /
_cGCL
082 0 4 _a621.3916
_bB T
100 1 _aBIGELOW, STEPHEN J
245 1 0 _aTROUBLESHOOTING, MAINTAINING AND REPAIRING PERSONAL COMPUTERS: A TECHNICIAN'S GUIDE /
_cBIGELOW, STEPHEN J
260 _a[S.N] :
_bMC GRAW - HILL ،
_c1995
300 _a1080 P
650 0 4 _aشعر الحرب
650 0 4 _aMICRO COMPUTER MAINTENANCE
650 0 4 _aMICRO COMPUTERS REPAIRING
942 _2ddc
_cBK
999 _c24572
_d24572